Les noms des clubs au golf - Statistiques

Statistiques générales
  • Ce quiz a été pris 105 fois
  • Le résultat moyen est 13 sur 20
Statistiques - réponses
Noms des clubs au golf % Correct
Bois 1 (Playclub ou Driver)
96%
Bois 3 (Spoon)
89%
Fer 5 (Mashie)
89%
Bois 5 (Cleek)
88%
Fer 7 (Mashie-Niblick)
88%
Bois 2 (Brassis)
86%
Fer 6 (Spade Mashie)
86%
Fer 8 (Pitching-Niblick)
86%
Fer 9 (Niblick)
86%
Bois 4 (Baffy)
83%
Fer 3 (Mid-Mashie)
80%
Fer 2 (Mid-Iron)
75%
Wedge 56 degrés (Sand Wedge)
74%
Fer 1 (Driving Iron)
70%
Wedge 48 degrés (Pitching Wedge)
52%
Wedge 60 degrés (Lob Wedge)
48%
Wedge 52 degrés (Gap Wedge/Approach Wedge)
46%
Chipper/Jigger
4%
Wedge 64 degrés (Flop Wedge)
4%
Fer 4 (Mashie-Iron)
1%
Aucun quiz correspondant
Distribution des résultats
% des personnes avec chaque résultat
Percentile par nombre de réponses
Votre historique - résultats
Vous n’avez pas pris ce quiz